00758 2200265 4500001002100000005001700021008004100038020002200079035002500101040001200126082001500138084001900153100001100172245008700183250001600270260003000286300003100316505002400347650002400371700003100395850001200426990001800438990001800456990001800474INLIS00000000000594420150907102958.0  a978-979-29-4594-2 a0010-061500000000065 aYOPDYOG 223a011.62 aK 011.62 Dan M aDANOVE aMewarnai kostum tim sepakbola duniac/ Danove ; Editor, Yasintha Vita Wahyuningsih aEd.1, Cet.1 aYogyakartabRainbowc2014 a68 hlm.b: ilus.c; 28 cm. aTerdapat papercraft aAnak dalam kesenian aYASINTHA Vita Wahyuningsih aYOPDYOG a15629-PD/B.15 a15630-PD/B.15 a15631-PD/B.15